| 000 | 01151nam a22002537a 4500 | ||
|---|---|---|---|
| 999 |
_c63290 _d63290 |
||
| 005 | 20250728144123.0 | ||
| 008 | 250728s2025 en ||||| |||| 00| 0 eng d | ||
| 020 | _a9780443112218 X | ||
| 041 | _aeng | ||
| 080 | _a616-089.5 F-24 | ||
| 100 |
_aFarag, Ehab _925688 |
||
| 245 |
_aBrown's atlas of regional anesthesia / _cEhab Farag ,Loran Mounir-Soliman, editor: Vicente Roqués Escolar, Illustrator, Joe Kanasz |
||
| 250 | _a7th edition | ||
| 264 |
_a Philadelphia : _bElsevier, _c2025. |
||
| 300 |
_axxiii, 397 pages : . _b illustrations (color) ; _c31 cm. |
||
| 653 | _aBrown's atlas of regional anesthesia | ||
| 653 | _aAnesthesia, Conduction methods Anesthésie locale Atlas Anesthésie locorégionale Atlas Conduction anesthesia Atlases Local anesthesia Atlases | ||
| 653 | _aბრაუნის რეგიონალური ანესთეზიის ატლასი | ||
| 653 | _aმედიცინა | ||
| 700 |
_aMounir-Soliman, Loran _925689 |
||
| 700 |
_a Roqués Escolar, Vicente _eრედაქტორი _925690 |
||
| 700 |
_aKanasz, Joe _eილუსტრატორი _925691 |
||
| 942 |
_2udc _cBK |
||